Giống lúa Đồng Bằng sông Cửu Long phát huy tiềm năng giống lúa trên nền thâm canh tổng hợp và cơ giới hóa
Enregistré dans:
| Format: | Livre |
|---|---|
| Langue: | Undetermined |
| Publié: |
Cần Thơ
Nông Trường Sông Hậu
1999
|
| Sujets: | |
| Tags: |
Ajouter un tag
Pas de tags, Soyez le premier à ajouter un tag!
|
| Thư viện lưu trữ: | Trung tâm Học liệu Trường Đại học Cần Thơ |
|---|
| LEADER | 00566nam a2200157Ia 4500 | ||
|---|---|---|---|
| 001 | CTU_39012 | ||
| 008 | 210402s9999 xx 000 0 und d | ||
| 082 | |a 633.18 | ||
| 082 | |b Gi455 | ||
| 245 | 0 | |a Giống lúa Đồng Bằng sông Cửu Long phát huy tiềm năng giống lúa trên nền thâm canh tổng hợp và cơ giới hóa | |
| 260 | |a Cần Thơ | ||
| 260 | |b Nông Trường Sông Hậu | ||
| 260 | |c 1999 | ||
| 650 | |a rice | ||
| 904 | |i Liên, 000724 | ||
| 980 | |a Trung tâm Học liệu Trường Đại học Cần Thơ | ||